| 000 | 03755nab a2200337 i 4500 | ||
|---|---|---|---|
| 003 | BR-BrBNA | ||
| 005 | 20240924160429.0 | ||
| 008 | 240924b2021 bl.qr|pooa||| 00| 0 eng | | ||
| 040 |
_aBR-BrBNA _beng |
||
| 072 | _aF61 | ||
| 072 | _aF62 | ||
| 100 | _aPan, Renan | ||
| 100 | _aBrito, Tauane Santos | ||
| 100 | _aNozaki, Marcia de Holanda | ||
| 100 | _aCamargo, Lenir Aparecida Buss de | ||
| 100 | _aCarvalho, João Paulo Fonesi de | ||
| 100 | _aEberling, Tatiane | ||
| 245 | _aAllelopathic interference of medicinal plants extract in the development of brassicas in a greenhouse | ||
| 500 | _aPublicação on-line; 22 ref.; 1 table; 2 illus.; Summaries (En, Pt) | ||
| 520 | _a RESUMO: Interferência alelopática do extrato de plantas medicinais no desenvolvimento de brássicas em casa de vegetação. O cultivo orgânico é tendência mundial, fazendo com que maneiras alternativas de incremento de características agronômicas se tornem essenciais aos produtores, destacando-se a alelopatia. O objetivo do presente trabalho foi avaliar a interferência da aplicação de extrato alecrim, camomila e hortelã, resultantes de infusão, no estágio inicial de plantas de rúcula e agrião, em condições de casa de vegetação. Foram cultivadas em vasos de 10 l, contendo solo rico em matéria orgânica, mudas de agrião e rúcula e posteriormente essas mudas foram submetidas a diferentes concentrações de extratos de alecrim, camomila e hortelã em casa de vegetação. Foram datados parâmetros morfológicos e submetidos à análise de regressão quando significativos. Diferentes concentrações de extrato de camomila atuaram positivamente no desenvolvimento de mudas de agrião e rúcula. Já extratos de alecrim e hortelã acentuaram o desenvolvimento de mudas de agrião e reduziram o desenvolvimento de mudas de rúcula de acordo com o aumento da concentração. Os três extratos demonstraram aumentos em parâmetros de parte aérea em ambas hortícolas testadas. Palavras-chave: Agrião. Rúcula. Rosmarinus officinalis. Matricaria recutita. Mentha x piperita. | ||
| 520 | _a ABSTRACT: The organic crops are now a global tendency providing alternative ways to increase the essential agronomic characteristics to farmers, giving highlighting the allelopathy. The objective of this work was to evaluate the effect of different extracts derivates of infusion of rosemary, chamomile and mint on the first growing stages of arugula and cress on greenhouse conditions. Seedlings of arugula and cress were cultivated on 10 l flower pots rich on organic matter and after they were transplanted were sprayed different concentrations of the extracts on each plant. Were dated different morphological parameters and the results were submitted to regression analysis when significant. Different concentrations of chamomile acted positively on the seedling development of cress and arugula, on the other hand, higher levels of the extracts of rosemary and mint provided a decrease on the development of arugula. The three extracts improved the aerial development on both tested plants. Keywords: Cress, Arugula Rosmarinus officinalis. Matricaria recutita. Mentha x piperita. | ||
| 650 | _aAGRIÃO | ||
| 650 | _aRÚCULA | ||
| 650 | _aROSMARINUS OFFICINALIS | ||
| 650 | _aCAMOMILA | ||
| 650 | _aMENTHA PIPERITA | ||
| 773 | 0 |
_03543 _9344691 _dBotucatu-SP Instituto de Biociências - Departamento de Química e Bioquímica 1998 _o2024-5023 _tRevista Brasileira de Plantas Medicinais (Brazil) _x1516-0572 _gv. 23(3) p. 125-130; (2021) _wBR2024002661 |
|
| 856 | _uhttp://www.sbpmed.org.br/admin/files/papers/file_2nBiAmqSVOl3.pdf | ||
| 942 | _cANA | ||
| 999 |
_c327798 _d327798 |
||